000
00310nam a22001457a 4500
008
210303b ||||| |||| 00| 0 eng d
020
_a
9780072491999
041
_a
eng
080
_2
9th
_a
316
082
_a
316
100
_a
50
101
_a
SOC
245
_a
Adolescence
_c
Santrock, J. W
942
_2
udc
_c
BK
999
_c
55553
_d
55553